000 00792nam a22002177a 4500
999 _c158587
_d158587
005 20181106105208.0
010 _aENG-124445
020 _c495.00
_a9789352550784
035 _aEN-107977
037 _bDBAD/PUB
082 _a580
100 _aBhattacharya, Kashinath
245 _aA textbook of botany [ecology & environmental biology economic botany & pharmacognosy]:
_cby Kashinath Bhattacharya; Ashim Kumar Ghosh [and] Gopinath Hait
_bfor UG and PG students volume IV /
260 _bNCBA
_c2017
_aKolkata
270 _bKolkata
_e700009
_a8/1 Chintamoni Das Lane,
300 _axiii,667p.
_c24cm.(pbk)
_bill. picture
500 _aIt includes further reading and index
700 _aGhosh, Ashim Kumar
700 _aHait, Gopinath
942 _2ddc
_cEN
_mBHA
_h580